01144nam a2200325 u 450000100070000000500170000700800410002403500110006504000130007604100080008908000070009710000550010424501260015926000230028550000240030865000300033265000300036265000250039265000410041765000370045865000170049565000280051270000450054070000450058594200100063099900170064050200120065752600080066995201410067718977820260506080059.0980601s1993 ||||||m| spa  a189778 ccomduadb aspa aQV10aBrome Bohórquez, Jenny Cecilia4auteaut927999210aAlteraciones en el espermograma de trabajadores expuestos a plomo inorganico en una fabrica de baterias. Antioquia - 1993 aMedellín,c1993. aDonacion: 94/02/14. aEspermatogénesis922470 aRiesgos laborales9101244 aEspermiograma936135 7aExposición profesional2dcs938583 aIntoxicación por plomo9173664 aPlomo949905 aEfectos adversos93812910aVelez A., Martha Lucia4auteaut949472810aLinero, Martha Lourdes4auteaut9409062 cTESIS c82303d82303 b285c20 a287 00102ddc40708SEMIACTIV2aBSPbBSPd1998-06-01iC262340l0oQV292 B7-93 e1p61000000720025r2023-04-22 00:00:00t1w2023-04-22yTESIS